000 00280nam a22001337a 4500
008 170612b xxu||||| |||| 00| 0 eng d
020 _a0671224003
041 _aeng
080 _a32
100 _a19
101 _aSHP
245 _aTHE LEAN YEARS
_cBARNET.R
942 _2udc
_cBK
999 _c16908
_d16908